Statistiques concernant Présidents du Conseil des Ministres Italiens

Cliquez ici pour prendre le quiz!

Statistiques générales

  • Ce quiz a été pris 34 fois
  • Le résultat moyen est 13 sur 45

Statistiques - réponses

AnnéesNom% Correct
2001 - 2006Berlusconi
100%
2008 - 2011Berlusconi
100%
1994 - 1995Berlusconi
100%
2022Meloni
93%
2021 - 2022Draghi
67%
2014 - 2016Renzi
56%
2018 - 2021Conte
52%
1989 - 1992Andreotti
41%
1976 - 1979Andreotti
41%
1972 - 1973Andreotti
41%
2013 - 2014Letta
41%
1974 - 1976Moro
41%
1963 - 1968Moro
41%
1983 - 1987Craxi
37%
2006 - 2008Prodi
37%
1996 - 1998Prodi
37%
1945 - 1953De Gasperi
33%
2016 - 2018Gentiloni
26%
2011 - 2013Monti
26%
1982 - 1983Fanfani
22%
1954Fanfani
22%
1958 - 1959Fanfani
22%
1987Fanfani
22%
1960 - 1963Fanfani
22%
2000 - 2001Amato
15%
1992 - 1993Amato
15%
1993 - 1994Ciampi
15%
1998 - 2000D'Alema
15%
1979 - 1980Cossiga
11%
1995 - 1996Dini
11%
1963Leone
11%
1968Leone
11%
1970 - 1972Colombo
7%
1988 - 1989De Mita
7%
1980 - 1981Forlani
7%
1987 - 1988Goria
7%
1953 - 1954Pella
7%
1968 - 1970Rumor
7%
1973 - 1974Rumor
7%
1959 - 1960Segni
7%
1955 - 1957Segni
7%
1981 - 1982Spadolini
7%
1954 - 1955Scelba
4%
1960Tambroni
4%
1957 - 1958Zoli
4%

Distribution des résultats

Percentile par nombre de réponses

% des personnes avec chaque résultat

Votre développement - résultats

Vous n’avez pas pris ce quiz